Movies Quiz

Random Movies or Clickable Quiz

Match 'Em Up: Movie Romances Quiz Stats

Quiz Updated Feb 23, 2017

Challenge
Share
Tweet
Score 0/24 Timer 07:00
3 Plays Today
% Correct
John Travolta
96%
Richard Gere
94.8%
Adam Sandler
93.3%
Heath Ledger
92.6%
Tobey Maguire
91.1%
Patrick Swayze
91%
Billy Crystal
88.4%
Keanu Reeves
87.2%
Bradley Cooper
86%
Seth Rogen
85.8%
Ryan Gosling
85.1%
Johnny Depp
85.1%
% Correct
Michael Cera
83.5%
Tom Cruise
83.2%
Will Ferrell
82.9%
Bill Murray
81.9%
Humphrey Bogart
81.1%
Ewan McGregor
80.3%
Leonardo DiCaprio
79.6%
Clark Gable
79.5%
Woody Allen
79.4%
Richard Burton
78.7%
Jim Carrey
72.3%
Cary Elwes
70.6%

You're not logged in!

Compare scores with friends on all Sporcle quizzes.
Sign Up with Email
OR
Log In

You Might Also Like...

Show Comments

Extras

Top Quizzes Today


Score Distribution

Your Account Isn't Verified!

In order to create a playlist on Sporcle, you need to verify the email address you used during registration. Go to your Sporcle Settings to finish the process.